Dali & I : (Record no. 19803)

000 -LEADER
fixed length control field 01634cam a2200385 a 4500
001 - CONTROL NUMBER
control field 15225159
005 - DATE AND TIME OF LATEST TRANSACTION
control field 20170117144621.0
008 - FIXED-LENGTH DATA ELEMENTS--GENERAL INFORMATION
fixed length control field 080319s2008 nyu 000 0aeng
010 ## - LIBRARY OF CONGRESS CONTROL NUMBER
LC control number 2008012729
020 ## - INTERNATIONAL STANDARD BOOK NUMBER
International Standard Book Number 9780312379933
020 ## - INTERNATIONAL STANDARD BOOK NUMBER
International Standard Book Number 0312379935
035 ## - SYSTEM CONTROL NUMBER
System control number (OCoLC)ocn184822922
035 ## - SYSTEM CONTROL NUMBER
System control number (OCoLC)184822922
040 ## - CATALOGING SOURCE
Original cataloging agency DLC
Transcribing agency DLC
Modifying agency BTCTA
-- BAKER
-- YDXCP
-- C#P
-- DLC
043 ## - GEOGRAPHIC AREA CODE
Geographic area code e-be---
050 00 - LIBRARY OF CONGRESS CALL NUMBER
Classification number N8660
Item number .L38A3 2008
100 1# - MAIN ENTRY--PERSONAL NAME
Personal name Lauryssens, Stan,
Dates associated with a name 1946-
245 10 - TITLE STATEMENT
Title Dali & I :
Remainder of title the surreal story /
Statement of responsibility, etc. Stan Lauryssens.
246 1# - VARYING FORM OF TITLE
Title proper/short title Dali and I
250 ## - EDITION STATEMENT
Edition statement 1st ed.
260 ## - PUBLICATION, DISTRIBUTION, ETC. (IMPRINT)
Place of publication, distribution, etc. New York :
Name of publisher, distributor, etc. Thomas Dunne Books,
Date of publication, distribution, etc. 2008.
300 ## - PHYSICAL DESCRIPTION
Extent 292 p. :
Dimensions 22 cm.
600 10 - SUBJECT ADDED ENTRY--PERSONAL NAME
Personal name Lauryssens, Stan,
Dates associated with a name 1946-
600 10 - SUBJECT ADDED ENTRY--PERSONAL NAME
Personal name Dalí, Salvador,
Dates associated with a name 1904-1989
General subdivision Forgeries.
650 #0 - SUBJECT ADDED ENTRY--TOPICAL TERM
Topical term or geographic name as entry element Art dealers
Geographic subdivision Belgium
Form subdivision Biography.
650 #0 - SUBJECT ADDED ENTRY--TOPICAL TERM
Topical term or geographic name as entry element Impostors and imposture
Geographic subdivision Belgium
Form subdivision Biography.
650 #0 - SUBJECT ADDED ENTRY--TOPICAL TERM
Topical term or geographic name as entry element Art
General subdivision Forgeries
-- Economic aspects.
856 42 - ELECTRONIC LOCATION AND ACCESS
Materials specified Contributor biographical information
Uniform Resource Identifier <a href="http://www.loc.gov/catdir/enhancements/fy0834/2008012729-b.html">http://www.loc.gov/catdir/enhancements/fy0834/2008012729-b.html</a>
856 42 - ELECTRONIC LOCATION AND ACCESS
Materials specified Publisher description
Uniform Resource Identifier <a href="http://www.loc.gov/catdir/enhancements/fy0834/2008012729-d.html">http://www.loc.gov/catdir/enhancements/fy0834/2008012729-d.html</a>
856 41 - ELECTRONIC LOCATION AND ACCESS
Materials specified Sample text
Uniform Resource Identifier <a href="http://www.loc.gov/catdir/enhancements/fy0901/2008012729-s.html">http://www.loc.gov/catdir/enhancements/fy0901/2008012729-s.html</a>
942 ## - ADDED ENTRY ELEMENTS (KOHA)
Source of classification or shelving scheme
Koha item type Hard Covered Materials
Classification part N8660 .L38A3 2008
Holdings
Withdrawn status Lost status Source of classification or shelving scheme Damaged status Not for loan Home library Current library Shelving location Date acquired Source of acquisition Total Checkouts Full call number Barcode Date last seen Price effective from Koha item type
          MACHAKOS UNIVERSITY LIBRARY MACHAKOS UNIVERSITY LIBRARY Technical section 17/01/2017 Donation(BFA)   N8660 .L38A3 2008 30280 07/06/2018 17/01/2017 Hard Covered Materials
© Machakos University Library, Along The Highway, Machakos Wote Rd, Machakos, Kenya P.O. Box 136 - 90100 Machakos - Kenya

Tel: ( +254 ) 723 805829 OR Fax : 044-20353 OR Email: library@mksu.ac.ke